Statistics for Cities With the Largest Shopping Malls

Click here to take the quiz!

General Stats

  • This quiz has been taken 880 times
    (512 since last reset)
  • The average score is 16 of 35

Answer Stats

#RegionAnswer% Correct
18Middle EastThe Dubai Mall, Dubai, UAE
87%
20E AsiaBeijing Mall, Beijing, China
82%
2E AsiaGolden Resources Mall, Beijing, China
82%
9SE AsiaCentral World, Bangkok, Thailand
71%
16SE AsiaFashion Island, Bangkok, Thailand
71%
21SE AsiaFuture Park Rangsit, Pathum Thani, Thailand
71%
12SE AsiaSiam Paragon, Bangkok, Thailand
71%
24SE AsiaMal Artha Gading, Jakarta, Indonesia
66%
3SE AsiaSM City North EDSA, Quezon, Philippines
61%
31SE AsiaGlorietta, Makati, Philippines
60%
32SE AsiaGreenbelt, Makati, Philippines
60%
11SE AsiaSM Mall of Asia, Pasay, Philippines
60%
4SE AsiaSM Megamall, Mandaluyong, Philippines
60%
19SE AsiaBerjaya Times Square, Kuala Lumpur, Malaysia
58%
13SE AsiaSunway Pyramid, Subang Jaya, Malaysia
58%
6SE AsiaUtama, Damansara, Malaysia
58%
1E AsiaNew South China Mall, Dongguan, China
57%
22E AsiaGrandview Mall, Guangzhou, China
56%
10Near EastCevahir Mall, Istanbul, Turkey
47%
26Middle EastMall of Arabia, 6th of October City, Egypt
44%
28N AmericaMall of America, Bloomington, Minnesota
43%
15Middle EastThe Avenues Mall, Kuwait City, Kuwait
43%
34S AmericaCentro Comercial Santafé, Bogota, Colombia
40%
23S AmericaCentro Mayor, Bogotá, Colombia
40%
30N AmericaAventura Mall, Aventura, Florida
37%
14Central AmAbrook Mall, Panama City, Panama
34%
17N AmericaWest Edmonton Mall, Edmonton, Canada
26%
35S AmericaCentro Comercial Sambil, Caracas, Venezuela
25%
29N AfricaMorocco Mall, Casablanca, Morocco
17%
25SE AsiaSM City Cebu, Cebu City, Philippines
15%
8SE AsiaSM Seaside City Cebu, Cebu City, Philippines
15%
27N AmericaKing of Prussia Mall, King of Prussia, Pennsylvania
9%
5Middle EastIsfahan City Center, Isfahan, Iran
6%
7Middle EastPersian Gulf Complex, Shiraz, Iran
4%
33N AmericaSouth Coast Plaza, Costa Mesa, California
1%

Score Distribution

Percentile by Number Answered

Percent of People with Each Score

Your Score History

You have not taken this quiz since the last reset